| 000 | 00757nam a2200289 4500 | ||
|---|---|---|---|
| 001 | 4650706 | ||
| 003 | LC | ||
| 005 | 20160222140611.0 | ||
| 008 | 720417s1971 nyu 000 0 eng | ||
| 010 | _a 79159352 | ||
| 020 | _a0394472535 | ||
| 040 |
_aDLC _cDLC _dDLC |
||
| 050 | 0 | 0 |
_aHD 2731 _b.J42 1971 |
| 082 | 0 | 0 |
_aFIC _bJ33c 1971 |
| 100 | 1 |
_aJay, Antony _d1930- _921282 |
|
| 245 | 1 | 0 |
_aCorporation man _cAntony Jay |
| 250 | _a[1st ed.] | ||
| 260 |
_aNew York : _bRandom House, _c1971. |
||
| 300 |
_a304 p. : _c18 cm. |
||
| 350 | _a$7.95 | ||
| 650 | 0 |
_aIndustrial sociology. _921283 |
|
| 650 | 0 |
_aManagement. _9446 |
|
| 650 | 0 |
_aExecutives. _921284 |
|
| 906 |
_a7 _bcbc _corignew _d2 _encip _f19 _gy-gencatlg |
||
| 942 |
_2lcc _cBK |
||
| 999 |
_c11901 _d11901 |
||